|
|
|
|
| LEADER |
00856naa a2200241 i 4500 |
| 001 |
publ26508 |
| 005 |
20230217080019.0 |
| 008 |
230217s2022 hu o 0|| Magyar d |
| 020 |
|
|
|a 9789632267890
|
| 024 |
7 |
|
|a 32151740
|2 mtmt
|
| 040 |
|
|
|a SZTE Publicatio Repozitórium
|b hun
|
| 041 |
|
|
|a Magyar
|
| 100 |
1 |
|
|a Kun Bernadette
|
| 245 |
1 |
0 |
|a Bergen Munkafüggőség Skála
|h [elektronikus dokumentum] /
|c Kun Bernadette
|
| 260 |
|
|
|a Medicina Könyvkiadó Zrt.
|b Budapest
|c 2022
|
| 300 |
|
|
|a 4
|
| 300 |
|
|
|a 484-487
|
| 490 |
0 |
|
|a Kérdőíves módszerek a klinikai és egészségpszichológiai kutatásban és gyakorlatban I
|
| 650 |
|
4 |
|a Pszichológia
|
| 700 |
0 |
1 |
|a Orosz Gábor
|e aut
|
| 700 |
0 |
1 |
|a Dombi Edina
|e aut
|
| 700 |
0 |
1 |
|a Demetrovics Zsolt
|e aut
|
| 856 |
4 |
0 |
|u http://publicatio.bibl.u-szeged.hu/26508/1/bergenmunkafuggosegskalateljes.pdf
|z Dokumentum-elérés
|